| 000 | 00868nas a2200289 4500 | ||
|---|---|---|---|
| 001 | BR0201676 | ||
| 003 | BR-BrBNA | ||
| 005 | 20231205102832.0 | ||
| 007 | ta | ||
| 008 | 230509b bl.|||p| |||| 00| 00por d | ||
| 040 |
_aBR-BrBNA _bpor _cBiblioteca Nacional de Agricultura |
||
| 041 | _a(Pt) | ||
| 072 | _aL72 | ||
| 100 | 1 | _aPaiva, F. | |
| 100 | 1 | _aSato, M.O. | |
| 100 | 1 | _aAcuña, A.H. | |
| 100 | 1 | _aJensen, J.R. | |
| 100 | 1 | _aBressan, M.C.R.V. | |
| 245 | 1 | _aResistência a Ivermectina constatada em Haemonchus placei e Cooperia punctata em bovinos | |
| 650 | _aBOVINO | ||
| 650 | _aNEMATÓIDE | ||
| 650 | _aRESISTÊNCIA A PRODUTOS QUÍMICOS | ||
| 650 | _aCULTURA IN VITRO | ||
| 773 | 0 |
_tHora Veterinária (Brazil) _xISSN 0101-9163 _g(Mar-Apr 2001), v. 20(120) p. 29-32 _wBR0201676 |
|
| 909 |
_a202311 _bLúcia _c55 _dLúcia Elande |
||
| 942 |
_2AGRIS _n0 _cANA |
||
| 999 |
_c169603 _d169603 |
||